| 000 | 00346nam a22001457a 4500 | ||
|---|---|---|---|
| 003 | SGT | ||
| 082 |
_a380 _bC10A |
||
| 100 | _aADMINISTRATION CHINA NT | ||
| 245 | _aCHINA BUSINESS TRAVEL GUIDE | ||
| 250 | _a1ST | ||
| 260 |
_aCHINA _bCHINA NATIONAL TOURISM ADMINSTRATION _c2010 |
||
| 300 | _a229 | ||
| 650 | _aMASS COMMUNICATION | ||
| 942 |
_2ddc _cBK |
||
| 999 |
_c13016 _d13016 |
||